00601nam a22001937a 450000500170000000800410001702000180005804000070007604100120008308200170009510000170011224500960012926000500022530000290027536500600030465000110036465000160037570000160039120250625145550.0250624b |||||||| |||| 00| 0 eng d a9780593538449 cAL aEnglish a332.64bDOUT aMark Douglas aTrading in the zone b: master the market with confidence discipline and a winning attitude aNew YorkbNew York Institute of Financec2000 axxi,216p.bHBc24x16 cm. aKSCR-000226b₹799.00c₹d₹999.00e20%f20-06-2025 aStocks aSpeculation aHartle,Thom